What are the 12 best US states to visit with kids? - Statistics

General Stats
  • This quiz has been taken 19 times
  • The average score is 10 of 12
Answer Stats
Hint Answer % Correct
1 California
100%
9 Florida
100%
2 New York
100%
4 Texas
100%
5 Georgia
94%
8 Hawaii
88%
12 Nevada
88%
10 Illinois
81%
7 Alaska
75%
3 Colorado
75%
6 Louisiana
75%
11 Oregon
63%
No matching quizzes found
Score Distribution
Percent of People with Each Score
Percentile by Number Answered
Your Score History
You have not taken this quiz